[Event "Druga liga CS - Zapad 2018"]
[Site "?"]
[Date "2018.09.09"]
[Round "5.1"]
[White "Begus, Drasko"]
[Black "Tojagic, Dane"]
[Result "1/2-1/2"]
[WhiteElo "2269"]
[BlackElo "2275"]
[PlyCount "20"]
[EventDate "2018.09.07"]
[WhiteTeam "KRUPANJSKI SK - Krupanj"]
[BlackTeam "LOZNICA GRAD - Loznica"]

1. Nf3 d5 2. g3 c6 3. Bg2 Nf6 4. b3 Bg4 5. Bb2 e6 6. O-O Nbd7 7. d3 Bc5 8. Nbd2
O-O 9. a3 a5 10. h3 Bh5 1/2-1/2

[Event "Druga liga CS - Zapad 2018"]
[Site "?"]
[Date "2018.09.09"]
[Round "5.2"]
[White "Dimitrijevic, Milorad"]
[Black "Tomic, Aleksandar"]
[Result "0-1"]
[WhiteElo "2229"]
[BlackElo "2293"]
[PlyCount "118"]
[EventDate "2018.09.07"]
[WhiteTeam "BAJINA BASTA - Bajina basta"]
[BlackTeam "ARANDJELOVACKI SK - Arandjelovac"]

1. e4 c5 2. Nf3 e6 3. c4 a6 4. Nc3 Qc7 5. Be2 Nc6 6. O-O Nf6 7. d4 cxd4 8. Nxd4
Bb4 9. Nxc6 dxc6 10. Qc2 Bc5 11. Nd1 e5 12. a3 a5 13. Be3 Qb6 14. Bxc5 Qxc5 15.
Nc3 Be6 16. b3 O-O 17. Na4 Qd4 18. Nc3 Rfd8 19. Rfd1 Qc5 20. Na4 Rxd1+ 21. Qxd1
Qe7 22. Qc2 Rd8 23. Qc3 Qc7 24. Nc5 b6 25. Nxe6 fxe6 26. f3 c5 27. Kf2 Rd4 28.
Ke1 Qf7 29. b4 Qh5 30. h3 Qh4+ 31. Kf1 Nh5 32. Qe1 Ng3+ 33. Kg1 Qf4 34. Bf1
axb4 35. axb4 h5 36. bxc5 bxc5 37. Qc3 h4 38. Re1 Qd2 39. Qxd2 Rxd2 40. Rb1 Kf7
41. Rb7+ Kf6 42. Rb1 Kg5 43. Ra1 Kf4 44. Rc1 Ke3 45. Rc3+ Kd4 46. Rc1 g5 47.
Ra1 Kc3 48. Rc1+ Kb2 49. Re1 Kc2 50. Ra1 Rd1 51. Rxd1 Kxd1 52. Kf2 Kd2 53. f4
gxf4 54. Kf3 Nxf1 55. Kg4 Ne3+ 56. Kxh4 Nxg2+ 57. Kg4 Ke3 58. h4 Nxh4 59. Kxh4
f3 0-1

[Event "Druga liga CS - Zapad 2018"]
[Site "?"]
[Date "2018.09.09"]
[Round "5.2"]
[White "Brkljaca, Ante"]
[Black "Milosevic, Zoran"]
[Result "1/2-1/2"]
[WhiteElo "2280"]
[BlackElo "2223"]
[PlyCount "22"]
[EventDate "2018.09.07"]
[WhiteTeam "ARANDJELOVACKI SK - Arandjelovac"]
[BlackTeam "BAJINA BASTA - Bajina basta"]

1. d4 Nf6 2. Nf3 g6 3. c4 Bg7 4. Nc3 d5 5. cxd5 Nxd5 6. Bd2 O-O 7. Rc1 c6 8. e3
Bg4 9. Be2 Nd7 10. O-O Nxc3 11. Bxc3 a5 1/2-1/2

[Event "Druga liga CS - Zapad 2018"]
[Site "?"]
[Date "2018.09.09"]
[Round "5.2"]
[White "Kurcubic, Jelenko"]
[Black "Vlajkovic, Stanko"]
[Result "0-1"]
[WhiteElo "2094"]
[BlackElo "2224"]
[PlyCount "98"]
[EventDate "2018.09.07"]
[WhiteTeam "BAJINA BASTA - Bajina basta"]
[BlackTeam "ARANDJELOVACKI SK - Arandjelovac"]

1. Nf3 Nf6 2. d4 d6 3. e3 g6 4. Bd3 Bg7 5. O-O Nbd7 6. Nc3 O-O 7. Qe2 e5 8.
dxe5 dxe5 9. Rd1 Qe7 10. e4 c6 11. Bg5 h6 12. Bh4 Nc5 13. Bg3 Nh5 14. Bc4 b5
15. Bb3 Bg4 16. h3 Nxg3 17. fxg3 Bd7 18. Qd2 Rad8 19. Qd6 Qxd6 20. Rxd6 b4 21.
Na4 Nxe4 22. Rxg6 Kh7 23. Rxg7+ Kxg7 24. Nxe5 Nxg3 25. Nc5 Bf5 26. Kh2 Ne4 27.
Ncd3 c5 28. Nf4 Nf6 29. Re1 Rde8 30. Re3 Kh7 31. Kg1 Nd7 32. Nxd7 Bxd7 33. Rf3
Bc6 34. Rf2 Be4 35. Nh5 f5 36. Nf4 Rd8 37. Kh2 Rc8 38. Bc4 Rfd8 39. Bf7 Rd6 40.
c3 Rcd8 41. cxb4 cxb4 42. Re2 Kg7 43. Bb3 Kf6 44. h4 Ke5 45. Kg3 Rd2 46. Re1
Rc8 47. h5 Rc7 48. Rg1 Rxb2 49. Rd1 Rc3+ 0-1

[Event "Druga liga CS - Zapad 2018"]
[Site "?"]
[Date "2018.09.09"]
[Round "5.2"]
[White "Cirakovic, Ivan"]
[Black "Minic, Miroslav"]
[Result "1-0"]
[WhiteElo "2157"]
[BlackElo "2078"]
[PlyCount "59"]
[EventDate "2018.09.07"]
[WhiteTeam "ARANDJELOVACKI SK - Arandjelovac"]
[BlackTeam "BAJINA BASTA - Bajina basta"]

1. e4 e5 2. Nf3 Nf6 3. Nc3 Nc6 4. Bc4 Nxe4 5. Nxe4 d5 6. Bd3 dxe4 7. Bxe4 Bd6
8. c3 Bd7 9. d4 exd4 10. Nxd4 Qe7 11. O-O O-O 12. Re1 Qf6 13. Nb5 Rad8 14. Nxd6
cxd6 15. Qh5 g6 16. Qg5 Qe5 17. Bf4 Qc5 18. Qf6 Qh5 19. Bxd6 Be6 20. Bxf8 Rxf8
21. Bxc6 bxc6 22. Rad1 Qa5 23. a3 Qb6 24. Rd2 a5 25. h3 a4 26. Re4 Re8 27. Red4
Bd5 28. c4 Re6 29. Qf4 Re1+ 30. Kh2 1-0

[Event "Druga liga CS - Zapad 2018"]
[Site "?"]
[Date "2018.09.09"]
[Round "5.2"]
[White "Jelisavcic, Srdjan"]
[Black "Lekic, Miodrag"]
[Result "1/2-1/2"]
[WhiteElo "2077"]
[BlackElo "2208"]
[PlyCount "66"]
[EventDate "2018.09.07"]
[WhiteTeam "BAJINA BASTA - Bajina basta"]
[BlackTeam "ARANDJELOVACKI SK - Arandjelovac"]

1. e4 d6 2. d4 Nf6 3. Bd3 g6 4. Nc3 Bg7 5. f3 c6 6. Nge2 Nbd7 7. a4 e5 8. a5
O-O 9. Be3 Re8 10. O-O d5 11. exd5 Nxd5 12. Nxd5 cxd5 13. Bb5 a6 14. Ba4 b5 15.
Bb3 Bb7 16. f4 exf4 17. Bxf4 Nf6 18. Be5 Ng4 19. Bxg7 Kxg7 20. Qd2 Ne3 21. Rf3
Qe7 22. Nf4 Nc4 23. Qf2 Rad8 24. Nd3 f5 25. c3 Nd6 26. Ne5 Ne4 27. Qe3 Qg5 28.
Rf4 Nd6 29. h4 Qe7 30. Qg3 Ne4 31. Qe3 Nf6 32. Qf3 Ne4 33. Qe3 Nf6 1/2-1/2

[Event "Druga liga CS - Zapad 2018"]
[Site "?"]
[Date "2018.09.09"]
[Round "5.2"]
[White "Ivanovic, Lazar"]
[Black "Mijanovic, Dragan"]
[Result "1-0"]
[WhiteElo "2076"]
[BlackElo "2040"]
[PlyCount "89"]
[EventDate "2018.09.07"]
[WhiteTeam "ARANDJELOVACKI SK - Arandjelovac"]
[BlackTeam "BAJINA BASTA - Bajina basta"]

1. d4 d5 2. c4 c6 3. Nf3 Nf6 4. Nc3 dxc4 5. a4 Nd5 6. e4 Nxc3 7. bxc3 b5 8. d5
Bb7 9. axb5 cxb5 10. Nd4 a6 11. Bf4 Nd7 12. Be2 g6 13. h4 Bg7 14. h5 Qb6 15.
Be3 Qc7 16. f4 Nc5 17. h6 Bf8 18. Qc2 e6 19. Rd1 exd5 20. exd5 Rd8 21. Bf3 Nd3+
22. Rxd3 cxd3 23. Qxd3 Bd6 24. O-O O-O 25. Nc6 Bxc6 26. Qd4 f6 27. dxc6 Be7 28.
Bd5+ Kh8 29. c4 b4 30. Qa1 a5 31. f5 Ra8 32. Bd4 Qd6 33. Re1 a4 34. Re6 Qxe6
35. Bxe6 a3 36. c7 b3 37. c8=Q Raxc8 38. Bxc8 b2 39. Bxb2 axb2 40. Qxb2 Rxc8
41. Qb7 Bc5+ 42. Kf1 Rg8 43. Qf7 Bd4 44. c5 gxf5 45. c6 1-0

[Event "Druga liga CS - Zapad 2018"]
[Site "?"]
[Date "2018.09.09"]
[Round "5.2"]
[White "Djordjevic, Edita"]
[Black "Lojovic, Matija"]
[Result "0-1"]
[WhiteElo "2030"]
[BlackElo "2129"]
[PlyCount "90"]
[EventDate "2018.09.07"]
[WhiteTeam "BAJINA BASTA - Bajina basta"]
[BlackTeam "ARANDJELOVACKI SK - Arandjelovac"]

1. e4 d5 2. exd5 Nf6 3. Nc3 Nxd5 4. d4 g6 5. Nf3 Bg7 6. Ne4 O-O 7. c3 b6 8. Bd3
Bb7 9. O-O Nd7 10. Re1 N5f6 11. Qe2 Re8 12. Bg5 c5 13. Rad1 Qc7 14. Qd2 Rad8
15. Bf4 Qc8 16. Nxf6+ Nxf6 17. dxc5 Qxc5 18. Qe2 Nd5 19. Bg3 e5 20. Bb5 Rf8 21.
Bxe5 Bxe5 22. Nxe5 Nf4 23. Qe3 Qxe3 24. fxe3 Nxg2 25. Rxd8 Rxd8 26. Re2 Rd5 27.
Nf3 Nxe3 28. Rxe3 Rxb5 29. b4 Bxf3 30. Rxf3 Rd5 31. a3 f5 32. h3 Kf7 33. Kf2
Rd2+ 34. Kg3 Ra2 35. c4 Rc2 36. Rd3 Ke6 37. Kf4 h6 38. c5 bxc5 39. bxc5 Rxc5
40. Rb3 g5+ 41. Kg3 Kf6 42. a4 Rc4 43. a5 Rc5 44. Ra3 a6 45. h4 Kg6 0-1

[Event "Druga liga CS - Zapad 2018"]
[Site "?"]
[Date "2018.09.09"]
[Round "5.2"]
[White "Todorovic, Kosta"]
[Black "Lazovic, Luka"]
[Result "0-1"]
[WhiteElo "1983"]
[BlackElo "1754"]
[PlyCount "78"]
[EventDate "2018.09.07"]
[WhiteTeam "ARANDJELOVACKI SK - Arandjelovac"]
[BlackTeam "BAJINA BASTA - Bajina basta"]

1. e4 c6 2. d4 d5 3. exd5 cxd5 4. Nf3 Nf6 5. Be2 g6 6. O-O Bg7 7. h3 O-O 8. Be3
Qb6 9. b3 Nc6 10. c4 Bf5 11. Nc3 a6 12. c5 Qc7 13. Rc1 Rad8 14. a3 Ne4 15. b4
Nxc3 16. Rxc3 e5 17. Rb3 e4 18. Nh2 Bc8 19. f4 Ne7 20. g4 f5 21. g5 h6 22. h4
hxg5 23. hxg5 Kf7 24. Rf2 Rh8 25. Bf1 Rh4 26. Qd2 Bd7 27. b5 axb5 28. Bxb5 Bxb5
29. Rxb5 Ra8 30. Qb4 Rh3 31. Rxb7 Qa5 32. Bc1 Qxb4 33. Rxb4 Nc6 34. Rb7+ Kg8
35. Bb2 Bxd4 36. Bxd4 Nxd4 37. Rb6 e3 38. Rg2 e2 39. Kf2 Re8 0-1

[Event "Druga liga CS - Zapad 2018"]
[Site "?"]
[Date "2018.09.09"]
[Round "5.3"]
[White "Rikalovic, Milan"]
[Black "Mikluc, Davorin"]
[Result "1/2-1/2"]
[WhiteElo "2047"]
[BlackElo "2154"]
[PlyCount "21"]
[EventDate "2018.09.07"]
[WhiteTeam "SLOGA - Lipnicki sor"]
[BlackTeam "SMEDEREVSKI SK - Smederevo"]

1. e4 e6 2. f4 d5 3. e5 g6 4. Nf3 c5 5. Bb5+ Bd7 6. Bxd7+ Qxd7 7. d3 Nc6 8. Be3
h5 9. Nbd2 Nh6 10. h3 Nf5 11. Bf2 1/2-1/2

[Event "Druga liga CS - Zapad 2018"]
[Site "?"]
[Date "2018.09.09"]
[Round "5.3"]
[White "Strakos, Dalibor"]
[Black "Jakovljevic, Ljubomir"]
[Result "1/2-1/2"]
[WhiteElo "2193"]
[BlackElo "1905"]
[PlyCount "23"]
[EventDate "2018.09.07"]
[WhiteTeam "SMEDEREVSKI SK - Smederevo"]
[BlackTeam "SLOGA - Lipnicki sor"]

1. g3 e6 2. f4 c6 3. Bg2 Bc5 4. Nf3 Ne7 5. e3 d5 6. O-O O-O 7. d3 Nd7 8. Nbd2
Bxe3+ 9. Kh1 Bb6 10. Nb3 Nc5 11. Bd2 Ng6 12. Qe2 1/2-1/2

[Event "Druga liga CS - Zapad 2018"]
[Site "?"]
[Date "2018.09.09"]
[Round "5.3"]
[White "Acimovic, Radivoje"]
[Black "Tomic, Slobodan"]
[Result "1/2-1/2"]
[WhiteElo "1985"]
[BlackElo "1964"]
[PlyCount "25"]
[EventDate "2018.09.07"]
[WhiteTeam "SLOGA - Lipnicki sor"]
[BlackTeam "SMEDEREVSKI SK - Smederevo"]

1. e4 c5 2. Nf3 d6 3. d4 cxd4 4. Nxd4 Nf6 5. Nc3 a6 6. f3 e6 7. Be3 Be7 8. Qd2
O-O 9. O-O-O Nc6 10. Bc4 Bd7 11. Bb3 Qc7 12. Kb1 Rac8 13. g4 1/2-1/2

[Event "Druga liga CS - Zapad 2018"]
[Site "?"]
[Date "2018.09.09"]
[Round "5.3"]
[White "Isak, Igor G"]
[Black "Glisic, Luka"]
[Result "1-0"]
[WhiteElo "2004"]
[BlackElo "1435"]
[PlyCount "25"]
[EventDate "2018.09.07"]
[WhiteTeam "SMEDEREVSKI SK - Smederevo"]
[BlackTeam "SLOGA - Lipnicki sor"]

1. d4 Nf6 2. Nf3 d5 3. c4 e6 4. Nc3 Be7 5. Bg5 O-O 6. e3 b6 7. cxd5 Nxd5 8.
Bxe7 Qxe7 9. Bd3 Bb7 10. h4 Nd7 11. Ng5 h6 12. Qh5 hxg5 13. Qh7# 1-0

[Event "Druga liga CS - Zapad 2018"]
[Site "?"]
[Date "2018.09.09"]
[Round "5.4"]
[White "Kijanovic, Igor"]
[Black "Djukic, Sinisa"]
[Result "1/2-1/2"]
[WhiteElo "2118"]
[BlackElo "2039"]
[PlyCount "24"]
[EventDate "2018.09.07"]
[WhiteTeam "PRIKO- Prijepolje"]
[BlackTeam "ZUPA - Aleksandrovac"]

1. e4 e5 2. Nf3 Nc6 3. Bb5 a6 4. Ba4 Nf6 5. O-O b5 6. Bb3 Be7 7. Re1 d6 8. c3
O-O 9. h3 Nb8 10. d4 Nbd7 11. Nbd2 Re8 12. Ng5 Rf8 1/2-1/2

[Event "Druga liga CS - Zapad 2018"]
[Site "?"]
[Date "2018.09.09"]
[Round "5.5"]
[White "Muminovic, Edin"]
[Black "Ackovic, Nemanja"]
[Result "1/2-1/2"]
[WhiteElo "1774"]
[BlackElo "1706"]
[PlyCount "21"]
[EventDate "2018.09.07"]
[WhiteTeam "TUTIN - Tutin"]
[BlackTeam "KRUSEVAC - Krusevac"]

1. c4 c5 2. Nf3 Nc6 3. Nc3 Nf6 4. d4 cxd4 5. Nxd4 e6 6. g3 Be7 7. Bg2 a6 8. O-O
Qc7 9. Nxc6 dxc6 10. Bf4 e5 11. Bg5 1/2-1/2

[Event "Druga liga CS - Zapad 2018"]
[Site "?"]
[Date "2018.09.09"]
[Round "5.6"]
[White "Pecinar, Zoran"]
[Black "Bugarcic, Ivan"]
[Result "1/2-1/2"]
[WhiteElo "2150"]
[BlackElo "2184"]
[PlyCount "59"]
[EventDate "2018.09.07"]
[WhiteTeam "SLOBODA - Uzice"]
[BlackTeam "IVANJICA- Ivanjica"]

1. Nf3 g6 2. c4 Bg7 3. Nc3 d6 4. g3 c5 5. Bg2 Nc6 6. O-O e5 7. Rb1 Nge7 8. a3
Be6 9. d3 Qd7 10. Ng5 Bg4 11. h3 Bf5 12. e4 Be6 13. Nxe6 fxe6 14. Be3 a5 15. h4
Nd4 16. Bh3 Nec6 17. Nb5 Nxb5 18. cxb5 Nd4 19. a4 O-O 20. Qg4 Nf3+ 21. Kg2 Rae8
22. h5 Qf7 23. hxg6 hxg6 24. b3 b6 25. Rb2 d5 26. Rh1 Re7 27. Rc2 Qf6 28. Kf1
Nd4 29. Bg5 Qf7 30. Rb2 1/2-1/2

[Event "Druga liga CS - Zapad 2018"]
[Site "?"]
[Date "2018.09.09"]
[Round "5.6"]
[White "Naskovic, Filip"]
[Black "Knezevic, Veljko"]
[Result "1/2-1/2"]
[WhiteElo "2197"]
[BlackElo "2086"]
[PlyCount "24"]
[EventDate "2018.09.07"]
[WhiteTeam "IVANJICA- Ivanjica"]
[BlackTeam "SLOBODA - Uzice"]

1. e4 c5 2. c3 Nf6 3. e5 Nd5 4. d4 cxd4 5. Nf3 e6 6. cxd4 d6 7. Nc3 Nxc3 8.
bxc3 Qc7 9. Bd2 Nd7 10. exd6 Bxd6 11. Bd3 O-O 12. O-O b6 1/2-1/2

[Event "Druga liga CS - Zapad 2018"]
[Site "?"]
[Date "2018.09.09"]
[Round "5.6"]
[White "Zivanic, Slobodan"]
[Black "Kolarevic, Darko"]
[Result "1/2-1/2"]
[WhiteElo "2068"]
[BlackElo "2163"]
[PlyCount "27"]
[EventDate "2018.09.07"]
[WhiteTeam "SLOBODA - Uzice"]
[BlackTeam "IVANJICA- Ivanjica"]

1. e4 c6 2. d4 d5 3. Nc3 dxe4 4. Nxe4 Bf5 5. Ng3 Bg6 6. h4 h6 7. h5 Bh7 8. Nf3
Nf6 9. Bd3 Bxd3 10. Qxd3 e6 11. Bd2 Be7 12. O-O-O O-O 13. Kb1 c5 14. Qe2
1/2-1/2

[Event "Druga liga CS - Zapad 2018"]
[Site "?"]
[Date "2018.09.09"]
[Round "5.6"]
[White "Milikic, Milorad"]
[Black "Cvijovic, Marko"]
[Result "1-0"]
[WhiteElo "2015"]
[BlackElo "1654"]
[PlyCount "103"]
[EventDate "2018.09.07"]
[WhiteTeam "IVANJICA- Ivanjica"]
[BlackTeam "SLOBODA - Uzice"]

1. e4 e5 2. Bc4 Nf6 3. Nc3 Bb4 4. d3 d5 5. exd5 Nxd5 6. Bd2 Nxc3 7. bxc3 Bd6 8.
h3 Qe7 9. Ne2 O-O 10. O-O Nc6 11. f4 Na5 12. Bd5 exf4 13. c4 Nc6 14. Bxf4 Be6
15. Bxd6 Qxd6 16. Bf3 Rad8 17. Rb1 b6 18. Qe1 Rde8 19. Bxc6 Qxc6 20. Qf2 Qd6
21. Rbe1 f6 22. Nf4 Bf7 23. Ne2 Re5 24. Nc3 Rfe8 25. Nb5 Qe7 26. Rxe5 Qxe5 27.
Nxa7 Ra8 28. Re1 Qb2 29. Nb5 Rxa2 30. Re2 Qb4 31. Qd4 Qc5 32. Qxc5 bxc5 33.
Nxc7 Bh5 34. g4 Bg6 35. Kf2 h5 36. Ne6 f5 37. Nf4 Kf7 38. g5 Ra6 39. Ke3 Rd6
40. Kd2 Rd4 41. Rf2 Rd6 42. h4 Ra6 43. Re2 Rd6 44. c3 Ra6 45. d4 Bh7 46. Re5
cxd4 47. cxd4 Ra3 48. d5 Bg8 49. d6 Ra7 50. c5 Kf8 51. c6 Ra6 52. d7 1-0

[Event "Druga liga CS - Zapad 2018"]
[Site "?"]
[Date "2018.09.09"]
[Round "5.6"]
[White "Vasiljevic, Milan D"]
[Black "Jovic, Slavko"]
[Result "0-1"]
[WhiteElo "1661"]
[BlackElo "1962"]
[PlyCount "58"]
[EventDate "2018.09.07"]
[WhiteTeam "SLOBODA - Uzice"]
[BlackTeam "IVANJICA- Ivanjica"]

1. d4 Nf6 2. c4 g6 3. Nf3 Bg7 4. Bg5 d6 5. Nc3 O-O 6. h3 c6 7. Qd2 Re8 8. Bh6
Bh8 9. e3 Qc7 10. Bf4 Nbd7 11. Be2 a5 12. Rc1 Nh5 13. Bh2 e5 14. dxe5 dxe5 15.
O-O Nc5 16. Rfd1 Be6 17. Ng5 Rad8 18. Qc2 Nf6 19. Nxe6 Nxe6 20. f4 exf4 21. Bf3
Qb6 22. Ne2 fxe3 23. b3 Rd2 24. Qb1 Ng5 25. Kf1 Nfe4 26. Bg1 Bd4 27. Rc2 c5 28.
h4 Nxf3 29. gxf3 Qf6 0-1